1914. Une année qui a fait basculer le monde : Essai d'histoire globale (notice n° 1568459)

détails MARC
000 -LEADER
fixed length control field 01718cam a2200133 4500500
005 - DATE AND TIME OF LATEST TRANSACTION
control field 20251214004337.0
041 ## - LANGUAGE CODE
Language code of text/sound track or separate title fre
042 ## - AUTHENTICATION CODE
Authentication code dc
100 10 - MAIN ENTRY--PERSONAL NAME
Personal name Porte, Rémy
Relator term author
245 00 - TITLE STATEMENT
Title 1914. Une année qui a fait basculer le monde : Essai d'histoire globale
260 ## - PUBLICATION, DISTRIBUTION, ETC.
Name of publisher, distributor, etc. Armand Colin,<br/>
Date of publication, distribution, etc. 2014.<br/>
520 ## - SUMMARY, ETC.
Summary, etc. « Quoi ? Parce qu’un archiduc a été assassiné à la fin du mois dernier dans un village bosniaque ? L’affaire n’est donc pas enterrée… comme le prince ? ».On peut sourire de cette remarque. Elle traduit pourtant, au premier degré, l’état d’esprit d’une partie de la population aux premiers jours d’août 1914. L’attentat de Sarajevo n’est qu’une étincelle, survenue dans un contexte particulier qui a favorisé le développement d’une crise qui n’était ni écrite, ni certaine.À travers les mémoires des témoins, des acteurs, et en utilisant de très nombreux titres de la presse quotidienne de l’époque, l’auteur nous entraine à travers le premier semestre de l’année 1914. Certaines causes – complexes – de la guerre sont en germe. Puis, il nous raconte les premiers mois de guerre, de l’entrée en campagne à la fixation du front occidental, à l’avant comme à l’arrière, dans les états-majors comme au gouvernement et au parlement.Quand la politique, la diplomatie, l’économique, le culturel, le financier, l’industriel, le religieux et l’artistique croisent le militaire, l’année 1914 prend d’autres formes et d’autres couleurs. Et les choses ne sont peut-être pas aussi simples qu’on veut bien généralement le dire.
856 41 - ELECTRONIC LOCATION AND ACCESS
Uniform Resource Identifier <a href="https://shs.cairn.info/1914--9782200277697?lang=fr&redirect-ssocas=7080">https://shs.cairn.info/1914--9782200277697?lang=fr&redirect-ssocas=7080</a>

Pas d'exemplaire disponible.

PLUDOC

PLUDOC est la plateforme unique et centralisée de gestion des bibliothèques physiques et numériques de Guinée administré par le CEDUST. Elle est la plus grande base de données de ressources documentaires pour les Étudiants, Enseignants chercheurs et Chercheurs de Guinée.

Adresse

627 919 101/664 919 101

25 boulevard du commerce
Kaloum, Conakry, Guinée

Réseaux sociaux

Powered by Netsen Group @ 2025